Estadísticas para Campeones de la NBA

Haz click aquí para intentar la prueba.

Estadísticas generales

  • Esta prueba ha sido intentada 1.130 veces
  • La puntuación promedio es 32 de 66

Estadísticas de respuestas

AñoEquipo Ganador% Correcto
2015Warriors
97%
2014Spurs
83%
2013Heat
82%
2010Lakers
80%
2012Heat
79%
2009Lakers
78%
1996Bulls
76%
2008Celtics
76%
1997Bulls
75%
1998Bulls
75%
1993Bulls
74%
1992Bulls
73%
2000Lakers
73%
1991Bulls
72%
2001Lakers
72%
2002Lakers
72%
2011Mavericks
72%
2007Spurs
70%
2006Heat
67%
2005Spurs
66%
2004Pistons
65%
2003Spurs
64%
1988Lakers
63%
1986Celtics
62%
1987Lakers
62%
1985Lakers
62%
1995Rockets
62%
1994Rockets
62%
1999Spurs
62%
1984Celtics
61%
1990Pistons
59%
1989Pistons
58%
1982Lakers
50%
1981Celtics
49%
1980Lakers
48%
1960Celtics
43%
1961Celtics
43%
1962Celtics
42%
1963Celtics
42%
1959Celtics
41%
1964Celtics
41%
198376ers
40%
1965Celtics
40%
1966Celtics
38%
1968Celtics
34%
1969Celtics
33%
1957Celtics
29%
1950Lakers
29%
1972Lakers
28%
1976Celtics
27%
1974Celtics
25%
1952Lakers
25%
1953Lakers
24%
1971Bucks
23%
1954Lakers
23%
1973Knicks
20%
1979SuperSonics
20%
1978Bullets
18%
1970Knicks
18%
1977Trail Blazers
18%
1975Warriors
18%
196776ers
17%
1958Hawks
14%
1956Warriors
14%
1951Royals
11%
1955Nationals
8%

Distribución de puntuación

Porcentaje por número respondido

Porcentaje de gente con cada puntuación

Historial de tus puntuaciones

No has intentado esta prueba.